Statistics for WWE superstars by alternate names #1

Click here to take the quiz!

General Stats

  • This quiz has been taken 160 times
    (159 since last reset)
  • The average score is 9 of 20

Answer Stats

HintAnswer% Correct
Jon MoxleyDean Ambrose
89%
Dr. Isaac YankemKane
74%
The GiantThe Big Show
71%
Mean Mark CallousThe Undertaker
68%
Tyler BlackSeth Rollins
64%
HunicoSin Cara
53%
Terra RyzingTriple H
47%
MadusaAlundra Blayze
46%
KENTAHideo Itami
43%
Sparky PluggHardcore Holly
41%
KanaAsuka
37%
Little BastardHornswoggle
37%
Vinnie VegasKevin Nash
34%
Sexton HardcastleEdge
32%
Johnny PoloRaven
28%
Corazón de LeónChris Jericho
26%
Big TAhmed Johnson
25%
2 Cold ScorpioFlash Funk
24%
Alexis LareeMickie James
23%
The DiscipleBrutus Beefcake
22%

Score Distribution

Percentile by Number Answered

Percent of People with Each Score

Your Score History

You have not taken this quiz since the last reset